| 000 | 00000nam##2200000za#4500 |
| 001 | 9.571402 |
| 003 | CaOODSP |
| 005 | 20240527135426 |
| 007 | cr ||||||||||| |
| 008 | 150406|2002||||xxc|||||o f|0| 0 eng|d |
| 040 | |aCaOODSP|beng |
| 043 | |an-cn--- |
| 086 | 1 |aCW69-4/75-2002E-PDF |
| 110 | 2 |aCanadian Wildlife Service. |
| 245 | 10|aWetlands |h[electronic resource] |
| 260 | |aOttawa - Ontario : |bEnvironment Canada. |cc2002. |
| 300 | |a6p.|billus., photographs |
| 490 | 1 |aHinterland who's who |
| 500 | |aThe catalogue number (CW69-4/75-2002E) and ISBN for the print edition have been incorrectly copied in this electronic publication. |
| 590 | |a12-04-Supp|b2012-02-20 |
| 690 | 07|aWetlands|2gcpds |
| 776 | 0#|tWetlands |w(CaOODSP)9.615926 |
| 830 | #0|aHinterland who's who.|w(CaOODSP)9.504437 |
| 856 | 40|ahttp://publications.gc.ca|qPDF|s1.01 MB|uhttps://publications.gc.ca/collections/Collection/CW69-4-75-2002E.pdf |